000 01082nas a2200349 4500
001 BR2013002135
003 BR-BrBNA
005 20231205122045.0
007 ta
008 230509b bl.|||p| |||| 00| 00por d
040 _aBR-BrBNA
_bpor
_cBiblioteca Nacional de Agricultura
041 _a(Pt)
072 _aF30; P40
100 1 _aSilva, T.G.F. da
100 1 _aZolnier, S.
100 1 _aMoura, M.S.B. de
100 1 _aSediyama, G.C.
100 1 _aSteidle Neto, A.J.
100 1 _aSilva Junior, J.L.C. da
245 1 _aPotencial agroclimático para o cultivo da atemóia (Annona squamosa L. X Annona cherimola mill.)no estado da Bahia
650 _aATEMÓIA
650 _aFRUTA TROPICAL
650 _aANNONA SQUAMOSA
650 _aCHERIMÓIA
650 _aANNONA CHERIMOLA
650 _aCRUZAMENTO VEGETAL
650 _aCLIMATOLOGIA
650 _aBAHIA
773 0 _tRevista Brasileira de Agrometeorologia (Brazil)
_xISSN 0104-1347
_g(Sep-Dec 2006), v. 14(3) p. 261-271
_wBR2013002135
909 _a202311
_bLúcia
_c55
_dLúcia Elande
942 _2AGRIS
_n0
_cANA
999 _c226694
_d226694